[Event "Irena Warakomska Memorial A"]
[Site "Suwalki"]
[Date "2021.07.30"]
[Round "5"]
[White "Janik, Igor"]
[Black "Krawczyk, Flawian"]
[Result "1-0"]
[Board "7"]
[WhiteElo "2500"]
[WhiteTitle "IM"]
[WhiteCountry "POL"]
[WhiteFideId "1159259"]
[WhiteEloChange "1"]
[BlackElo "1984"]
[BlackCountry "POL"]
[BlackFideId "21881413"]
[BlackEloChange "-2"]

1. d4 {[%clk 1:30:56]} Nf6 {[%clk 1:30:43]} 2. c4 {[%clk 1:31:18]} g6 {[%clk
1:31:06]} 3. Nf3 {[%clk 1:31:44]} Bg7 {[%clk 1:31:32]} 4. g3 {[%clk 1:32:06]} O-O
{[%clk 1:31:56]} 5. Bg2 {[%clk 1:32:32]} d6 {[%clk 1:32:22]} 6. O-O {[%clk
1:32:54]} Nc6 {[%clk 1:32:48]} 7. Nc3 {[%clk 1:33:15]} e5 {[%clk 1:33:08]} 8.
dxe5 {[%clk 1:33:31]} dxe5 {[%clk 1:33:28]} 9. Bg5 {[%clk 1:33:44]} Be6 {[%clk
1:32:57]} 10. Qc1 {[%clk 1:34:08]} Qc8 {[%clk 1:32:40]} 11. Rd1 {[%clk 1:34:20]}
Nd7 {[%clk 1:22:32]} 12. Nd5 {[%clk 1:34:34]} f6 {[%clk 1:18:45]} 13. Bh6 {[%clk
1:34:49]} Re8 {[%clk 1:18:07]} 14. Bxg7 {[%clk 1:33:05]} Kxg7 {[%clk 1:17:32]}
15. Qc3 {[%clk 1:33:15]} a5 {[%clk 1:11:29]} 16. c5 {[%clk 1:30:30]} Bxd5 {[%clk
1:04:19]} 17. Rxd5 {[%clk 1:30:51]} Nf8 {[%clk 1:03:53]} 18. a3 {[%clk 1:28:47]}
Qe6 {[%clk 1:02:45]} 19. Rad1 {[%clk 1:28:19]} a4 {[%clk 0:55:25]} 20. h4 {[%clk
1:25:00]} Red8 {[%clk 0:35:41]} 21. e4 {[%clk 1:24:22]} Qe8 {[%clk 0:33:11]} 22.
Bh3 {[%clk 1:22:54]} Ne7 {[%clk 0:30:47]} 23. Rxd8 {[%clk 1:16:21]} Rxd8 {[%clk
0:31:03]} 24. Rxd8 {[%clk 1:16:26]} Qxd8 {[%clk 0:31:29]} 25. Qa5 {[%clk
1:16:10]} Qd1+ {[%clk 0:28:42]} 26. Kg2 {[%clk 1:16:09]} c6 {[%clk 0:28:19]} 27.
Qc7 {[%clk 1:16:20]} Kf7 {[%clk 0:28:44]} 28. Qxb7 {[%clk 1:16:36]} Ne6 {[%clk
0:21:23]} 29. Bxe6+ {[%clk 1:16:19]} Kxe6 {[%clk 0:21:47]} 30. Qb4 {[%clk
1:16:41]} Kf7 {[%clk 0:21:02]} 31. Nd2 {[%clk 1:16:47]} f5 {[%clk 0:20:22]} 32.
Nf3 {[%clk 1:15:57]} fxe4 {[%clk 0:19:41]} 33. Qxe4 {[%clk 1:15:58]} Qd5 {[%clk
0:19:58]} 34. Qxd5+ {[%clk 1:13:50]} cxd5 {[%clk 0:20:23]} 35. Nxe5+ {[%clk
1:14:17]} Ke6 {[%clk 0:20:45]} 36. Nd3 {[%clk 1:14:35]} d4 {[%clk 0:20:41]} 37.
Nb4 {[%clk 1:14:47]} d3 {[%clk 0:19:48]} 38. Kf3 {[%clk 1:14:52]} Nf5 {[%clk
0:19:37]} 39. Nxd3 {[%clk 1:14:53]} Kd5 {[%clk 0:20:05]} 40. Ke2 {[%clk 1:45:09]}
Kc4 {[%clk 0:50:18]} 41. Kd2 {[%clk 1:44:54]} Nd4 {[%clk 0:50:43]} 42. Ke3 {[%clk
1:44:59]} Nc6 {[%clk 0:49:44]} 43. Ke4 {[%clk 1:45:08]} Ne7 {[%clk 0:49:26]} 44.
g4 {[%clk 1:45:28]} 1-0

[Event "Irena Warakomska Memorial A"]
[Site "Suwalki"]
[Date "2021.07.30"]
[Round "5"]
[White "Goluch, Piotr"]
[Black "Socko, Monika"]
[Result "1-0"]
[Board "8"]
[WhiteElo "2333"]
[WhiteTitle "IM"]
[WhiteCountry "POL"]
[WhiteFideId "1137840"]
[WhiteEloChange "12"]
[BlackElo "2393"]
[BlackTitle "GM"]
[BlackCountry "POL"]
[BlackFideId "1106619"]
[BlackEloChange "-12"]

1. d4 {[%clk 1:30:57]} Nf6 {[%clk 1:30:52]} 2. c4 {[%clk 1:31:16]} c5 {[%clk
1:31:18]} 3. d5 {[%clk 1:31:39]} b5 {[%clk 1:31:44]} 4. Qc2 {[%clk 1:31:06]} bxc4
{[%clk 1:29:56]} 5. e4 {[%clk 1:31:20]} d6 {[%clk 1:29:31]} 6. Nf3 {[%clk
1:31:24]} g6 {[%clk 1:27:37]} 7. Bxc4 {[%clk 1:30:58]} Bg7 {[%clk 1:27:15]} 8.
O-O {[%clk 1:30:51]} O-O {[%clk 1:27:06]} 9. Nc3 {[%clk 1:29:21]} Nbd7 {[%clk
1:24:21]} 10. Bg5 {[%clk 1:27:23]} Ng4 {[%clk 1:20:31]} 11. Be2 {[%clk 1:24:57]}
Rb8 {[%clk 1:11:26]} 12. Nd2 {[%clk 1:24:45]} Nh6 {[%clk 1:00:53]} 13. Nc4 {[%clk
1:24:09]} f6 {[%clk 1:01:10]} 14. Be3 {[%clk 1:13:14]} Ba6 {[%clk 0:57:25]} 15.
b3 {[%clk 1:10:40]} f5 {[%clk 0:52:45]} 16. Bxh6 {[%clk 1:11:03]} Bxh6 {[%clk
0:53:04]} 17. exf5 {[%clk 1:11:30]} Bxc4 {[%clk 0:51:32]} 18. bxc4 {[%clk
1:09:59]} Rxf5 {[%clk 0:50:28]} 19. Bg4 {[%clk 1:10:22]} Rf8 {[%clk 0:48:37]} 20.
Rae1 {[%clk 0:48:29]} Ne5 {[%clk 0:42:36]} 21. Be6+ {[%clk 0:48:54]} Kh8 {[%clk
0:42:06]} 22. Re4 {[%clk 0:48:33]} Rb4 {[%clk 0:40:05]} 23. f4 {[%clk 0:22:33]}
Nxc4 {[%clk 0:35:43]} 24. Qe2 {[%clk 0:15:08]} Nb6 {[%clk 0:32:31]} 25. Qg4
{[%clk 0:09:54]} Bg7 {[%clk 0:15:51]} 26. Qh3 {[%clk 0:10:03]} Nc4 {[%clk
0:11:01]} 27. Rd1 {[%clk 0:10:06]} Nb2 {[%clk 0:10:43]} 28. Rf1 {[%clk 0:08:52]}
Qb6 {[%clk 0:10:44]} 29. f5 {[%clk 0:08:33]} g5 {[%clk 0:06:45]} 30. f6 {[%clk
0:07:24]} Bxf6 {[%clk 0:06:03]} 31. Bf5 {[%clk 0:07:29]} Rf7 {[%clk 0:06:30]} 32.
Bxh7 {[%clk 0:04:26]} Rxe4 {[%clk 0:04:47]} 33. Bxe4+ {[%clk 0:04:06]} Kg8 {[%clk
0:05:16]} 34. Bf5 {[%clk 0:01:01]} c4+ {[%clk 0:05:25]} 35. Kh1 {[%clk 0:01:16]}
Nd3 {[%clk 0:05:36]} 36. Ne4 {[%clk 0:01:00]} Qd4 {[%clk 0:04:12]} 37. Bg6 {[%clk
0:00:43]} Kf8 {[%clk 0:03:37]} 38. Qe6 {[%clk 0:00:31]} Ne5 {[%clk 0:03:38]} 39.
Nxg5 {[%clk 0:00:36]} Kg7 {[%clk 0:03:22]} 40. Nxf7 {[%clk 0:30:35]} Kxg6 {[%clk
0:33:41]} 41. Nxe5+ {[%clk 0:29:33]} Qxe5 {[%clk 0:34:05]} 42. Qg4+ {[%clk
0:29:59]} Kf7 {[%clk 0:34:00]} 43. Qxc4 {[%clk 0:30:24]} Qb2 {[%clk 0:34:15]} 44.
a4 {[%clk 0:29:15]} a5 {[%clk 0:34:41]} 45. Qe4 {[%clk 0:29:30]} Kg7 {[%clk
0:34:54]} 46. g3 {[%clk 0:27:49]} Qd2 {[%clk 0:35:19]} 47. Rf4 {[%clk 0:27:15]}
Kf8 {[%clk 0:34:33]} 48. Qe6 {[%clk 0:24:41]} Qd1+ {[%clk 0:33:59]} 49. Kg2
{[%clk 0:25:07]} Qc2+ {[%clk 0:34:26]} 50. Rf2 {[%clk 0:22:10]} Qxa4 {[%clk
0:34:52]} 51. g4 {[%clk 0:22:35]} Qe8 {[%clk 0:33:41]} 52. g5 {[%clk 0:22:50]}
Qg6 {[%clk 0:34:09]} 53. Qf5 {[%clk 0:22:17]} 1-0

[Event "Irena Warakomska Memorial A"]
[Site "Suwalki"]
[Date "2021.07.30"]
[Round "5"]
[White "Rudzinska, Michalina"]
[Black "Lewtak, Damian"]
[Result "0-1"]
[Board "9"]
[WhiteElo "2238"]
[WhiteTitle "WFM"]
[WhiteCountry "POL"]
[WhiteFideId "1172883"]
[WhiteEloChange "-6"]
[BlackElo "2380"]
[BlackTitle "IM"]
[BlackCountry "POL"]
[BlackFideId "1141724"]
[BlackEloChange "6"]

1. e4 {[%clk 1:30:57]} e6 {[%clk 1:29:57]} 2. d4 {[%clk 1:31:18]} d5 {[%clk
1:30:23]} 3. Bd3 {[%clk 1:31:40]} c5 {[%clk 1:30:47]} 4. exd5 {[%clk 1:32:02]}
exd5 {[%clk 1:31:12]} 5. Nf3 {[%clk 1:32:20]} c4 {[%clk 1:30:53]} 6. Be2 {[%clk
1:32:42]} Bd6 {[%clk 1:30:15]} 7. O-O {[%clk 1:32:58]} Nf6 {[%clk 1:30:07]} 8. b3
{[%clk 1:33:16]} cxb3 {[%clk 1:30:31]} 9. axb3 {[%clk 1:33:39]} O-O {[%clk
1:30:11]} 10. c4 {[%clk 1:31:45]} Nc6 {[%clk 1:28:10]} 11. Bg5 {[%clk 1:28:42]}
h6 {[%clk 1:25:38]} 12. Bh4 {[%clk 1:19:48]} Bf5 {[%clk 1:24:19]} 13. Nc3 {[%clk
1:18:16]} g5 {[%clk 1:23:23]} 14. Bg3 {[%clk 1:18:04]} Bb4 {[%clk 1:23:38]} 15.
Nxd5 {[%clk 1:15:27]} Nxd5 {[%clk 1:23:26]} 16. cxd5 {[%clk 1:15:52]} Ne7 {[%clk
1:19:52]} 17. Bc4 {[%clk 1:05:01]} Nxd5 {[%clk 1:14:51]} 18. Ne5 {[%clk 1:03:14]}
Nf6 {[%clk 1:14:27]} 19. h4 {[%clk 0:55:55]} Ne4 {[%clk 0:50:16]} 20. Nxf7 {[%clk
0:42:34]} Rxf7 {[%clk 0:50:37]} 21. Qh5 {[%clk 0:41:58]} Qf6 {[%clk 0:49:56]} 22.
hxg5 {[%clk 0:36:54]} Nxg5 {[%clk 0:49:55]} 23. Bxf7+ {[%clk 0:36:20]} Nxf7
{[%clk 0:49:22]} 24. Qf3 {[%clk 0:33:14]} a5 {[%clk 0:44:24]} 25. Rac1 {[%clk
0:28:09]} Ng5 {[%clk 0:32:33]} 26. Qe3 {[%clk 0:16:20]} Qg6 {[%clk 0:27:24]} 27.
Rc7 {[%clk 0:15:38]} Be4 {[%clk 0:25:53]} 28. Rfc1 {[%clk 0:13:06]} Bc6 {[%clk
0:21:22]} 29. d5 {[%clk 0:12:38]} Bxd5 {[%clk 0:21:44]} 30. Rc8+ {[%clk 0:12:59]}
Rxc8 {[%clk 0:22:11]} 31. Rxc8+ {[%clk 0:13:21]} Kh7 {[%clk 0:21:09]} 32. Qe5
{[%clk 0:09:01]} Qe6 {[%clk 0:17:43]} 33. Qh8+ {[%clk 0:07:59]} Kg6 {[%clk
0:17:56]} 34. Be5 {[%clk 0:05:27]} Kh5 {[%clk 0:15:46]} 35. Re8 {[%clk 0:02:40]}
Qc6 {[%clk 0:10:43]} 36. Rc8 {[%clk 0:01:46]} Qg6 {[%clk 0:08:56]} 37. Bg3 {[%clk
0:02:07]} Qe4 {[%clk 0:07:40]} 38. f3 {[%clk 0:01:32]} Qe2 {[%clk 0:08:02]} 39.
Qd4 {[%clk 0:00:36]} Bxf3 {[%clk 0:07:02]} 40. Qh4+ {[%clk 0:30:36]} Kg6 {[%clk
0:37:20]} 41. Bf2 {[%clk 0:29:53]} Qd1+ {[%clk 0:34:43]} 42. Kh2 {[%clk 0:29:12]}
Bd6+ {[%clk 0:35:06]} 43. Bg3 {[%clk 0:29:14]} Qe2 {[%clk 0:35:09]} 44. Rg8+
{[%clk 0:29:21]} Kh7 {[%clk 0:35:07]} 0-1

[Event "Irena Warakomska Memorial A"]
[Site "Suwalki"]
[Date "2021.07.30"]
[Round "5"]
[White "Zakrzewski, Marek"]
[Black "Rozentalis, Eduardas"]
[Result "1/2-1/2"]
[Board "10"]
[WhiteElo "2295"]
[WhiteTitle "FM"]
[WhiteCountry "POL"]
[WhiteFideId "1170694"]
[WhiteEloChange "6"]
[BlackElo "2520"]
[BlackTitle "GM"]
[BlackCountry "LTU"]
[BlackFideId "12800023"]
[BlackEloChange "-3"]

1. e4 {[%clk 1:30:56]} c6 {[%clk 1:30:35]} 2. d4 {[%clk 1:31:18]} d5 {[%clk
1:31:01]} 3. e5 {[%clk 1:31:29]} c5 {[%clk 1:31:13]} 4. dxc5 {[%clk 1:31:50]} e6
{[%clk 1:30:44]} 5. a3 {[%clk 1:32:05]} Bxc5 {[%clk 1:30:28]} 6. Qg4 {[%clk
1:32:26]} Bf8 {[%clk 1:28:15]} 7. Nf3 {[%clk 1:32:00]} Nc6 {[%clk 1:26:20]} 8.
Bd3 {[%clk 1:31:36]} Qc7 {[%clk 1:25:22]} 9. Bf4 {[%clk 1:25:38]} Nge7 {[%clk
1:22:00]} 10. O-O {[%clk 1:25:45]} Ng6 {[%clk 1:21:11]} 11. Qg3 {[%clk 1:11:15]}
Be7 {[%clk 1:15:37]} 12. Re1 {[%clk 1:03:52]} Nxf4 {[%clk 1:11:33]} 13. Qxf4
{[%clk 1:04:14]} O-O {[%clk 1:10:51]} 14. c4 {[%clk 1:00:19]} dxc4 {[%clk
1:05:06]} 15. Qxc4 {[%clk 0:59:50]} Bd7 {[%clk 1:02:48]} 16. Nbd2 {[%clk
0:57:17]} Rfd8 {[%clk 0:59:20]} 17. Qe4 {[%clk 0:54:53]} g6 {[%clk 0:58:52]} 18.
Qf4 {[%clk 0:50:45]} Be8 {[%clk 0:55:31]} 19. Bc4 {[%clk 0:49:11]} Rac8 {[%clk
0:44:55]} 20. Rac1 {[%clk 0:41:35]} Na5 {[%clk 0:38:46]} 21. b4 {[%clk 0:27:50]}
Nxc4 {[%clk 0:37:18]} 22. Rxc4 {[%clk 0:27:25]} Qb6 {[%clk 0:36:30]} 23. Rxc8
{[%clk 0:27:28]} Rxc8 {[%clk 0:35:56]} 24. Ne4 {[%clk 0:26:45]} Rc2 {[%clk
0:33:08]} 25. Rf1 {[%clk 0:21:15]} Qd8 {[%clk 0:24:19]} 26. Nd6 {[%clk 0:15:04]}
Rc7 {[%clk 0:19:54]} 27. h4 {[%clk 0:08:51]} Bxd6 {[%clk 0:10:46]} 28. exd6
{[%clk 0:09:12]} Rd7 {[%clk 0:11:13]} 29. Rd1 {[%clk 0:09:22]} f6 {[%clk
0:11:31]} 30. Qd4 {[%clk 0:07:40]} b6 {[%clk 0:08:38]} 31. Rd3 {[%clk 0:07:55]}
Bf7 {[%clk 0:08:18]} 32. Qc3 {[%clk 0:04:56]} e5 {[%clk 0:04:51]} 33. Qc6 {[%clk
0:05:18]} Be6 {[%clk 0:04:22]} 34. Rd2 {[%clk 0:02:01]} 1/2-1/2

[Event "Irena Warakomska Memorial A"]
[Site "Suwalki"]
[Date "2021.07.30"]
[Round "5"]
[White "Hnydiuk, Aleksander"]
[Black "Szadkowski, Kamil"]
[Result "1/2-1/2"]
[Board "11"]
[WhiteElo "2407"]
[WhiteTitle "IM"]
[WhiteCountry "POL"]
[WhiteFideId "1109057"]
[WhiteEloChange "-2"]
[BlackElo "2282"]
[BlackTitle "FM"]
[BlackCountry "POL"]
[BlackFideId "1123203"]
[BlackEloChange "3"]

1. d4 {[%clk 1:28:04]} Nf6 {[%clk 1:30:49]} 2. Bf4 {[%clk 1:28:25]} b6 {[%clk
1:30:01]} 3. Nc3 {[%clk 1:15:38]} Bb7 {[%clk 1:29:45]} 4. f3 {[%clk 1:14:10]} d5
{[%clk 1:25:28]} 5. e4 {[%clk 1:14:09]} e6 {[%clk 1:23:29]} 6. exd5 {[%clk
0:39:23]} exd5 {[%clk 1:19:28]} 7. Qd2 {[%clk 0:34:08]} Be7 {[%clk 1:18:16]} 8.
O-O-O {[%clk 0:33:07]} O-O {[%clk 1:18:40]} 9. Nge2 {[%clk 0:32:28]} c5 {[%clk
1:18:25]} 10. Ng3 {[%clk 0:28:40]} cxd4 {[%clk 1:08:23]} 11. Nb5 {[%clk 0:26:52]}
Nc6 {[%clk 1:04:18]} 12. Nf5 {[%clk 0:19:16]} Bb4 {[%clk 1:02:02]} 13. Qf2 {[%clk
0:19:17]} Nh5 {[%clk 0:49:12]} 14. Bd2 {[%clk 0:19:12]} Rc8 {[%clk 0:44:18]} 15.
Nbxd4 {[%clk 0:18:23]} Bxd2+ {[%clk 0:39:53]} 16. Qxd2 {[%clk 0:18:45]} Nxd4
{[%clk 0:35:06]} 17. Nxd4 {[%clk 0:19:05]} Qf6 {[%clk 0:35:33]} 18. g3 {[%clk
0:15:19]} Rc7 {[%clk 0:31:26]} 19. Bh3 {[%clk 0:11:23]} g6 {[%clk 0:31:10]} 20.
Bg4 {[%clk 0:10:22]} Ng7 {[%clk 0:31:09]} 21. Rhe1 {[%clk 0:06:32]} Bc8 {[%clk
0:30:22]} 22. Kb1 {[%clk 0:04:30]} h5 {[%clk 0:30:28]} 23. Bxc8 {[%clk 0:04:32]}
Rfxc8 {[%clk 0:30:57]} 24. Qd3 {[%clk 0:04:20]} Rc4 {[%clk 0:29:06]} 25. Re2
{[%clk 0:04:04]} Ne8 {[%clk 0:27:47]} 26. Nb5 {[%clk 0:02:16]} R4c5 {[%clk
0:21:36]} 27. Nd4 {[%clk 0:02:20]} Nd6 {[%clk 0:21:37]} 28. Nb3 {[%clk 0:02:13]}
Rb5 {[%clk 0:16:47]} 29. c3 {[%clk 0:01:01]} Nc4 {[%clk 0:16:32]} 30. Ka1 {[%clk
0:01:22]} a5 {[%clk 0:16:16]} 31. Nd4 {[%clk 0:01:32]} Rbc5 {[%clk 0:16:40]} 32.
Nb3 {[%clk 0:01:53]} R5c6 {[%clk 0:16:32]} 33. Nd4 {[%clk 0:01:46]} Rc5 {[%clk
0:16:58]} 34. Nb3 {[%clk 0:01:39]} R5c6 {[%clk 0:17:24]} 35. Nd4 {[%clk 0:02:04]}
1/2-1/2

[Event "Irena Warakomska Memorial A"]
[Site "Suwalki"]
[Date "2021.07.30"]
[Round "5"]
[White "Kubicka, Anna"]
[Black "Lukasiewicz, Krzysztof"]
[Result "1/2-1/2"]
[Board "12"]
[WhiteElo "2210"]
[WhiteTitle "WIM"]
[WhiteCountry "POL"]
[WhiteFideId "1152254"]
[WhiteEloChange "4"]
[BlackElo "2359"]
[BlackTitle "FM"]
[BlackCountry "POL"]
[BlackFideId "1166042"]
[BlackEloChange "-4"]

1. e4 {[%clk 1:30:58]} d6 {[%clk 1:26:45]} 2. d4 {[%clk 1:31:21]} Nf6 {[%clk
1:27:11]} 3. Nc3 {[%clk 1:31:42]} g6 {[%clk 1:27:37]} 4. Be3 {[%clk 1:31:50]} a6
{[%clk 1:11:32]} 5. Qd2 {[%clk 1:31:56]} b5 {[%clk 1:11:12]} 6. f3 {[%clk
1:32:19]} Bb7 {[%clk 1:02:15]} 7. O-O-O {[%clk 1:30:39]} h6 {[%clk 1:02:30]} 8.
Kb1 {[%clk 1:30:38]} Nbd7 {[%clk 1:02:14]} 9. h4 {[%clk 1:26:20]} Bg7 {[%clk
0:57:15]} 10. g4 {[%clk 1:25:18]} h5 {[%clk 0:56:27]} 11. g5 {[%clk 1:23:48]} Nh7
{[%clk 0:52:36]} 12. Bg2 {[%clk 1:16:22]} O-O {[%clk 0:50:42]} 13. f4 {[%clk
1:11:27]} c5 {[%clk 0:49:10]} 14. Nh3 {[%clk 0:41:35]} Nb6 {[%clk 0:35:30]} 15.
b3 {[%clk 0:34:06]} b4 {[%clk 0:31:20]} 16. Nd5 {[%clk 0:32:27]} Nxd5 {[%clk
0:24:18]} 17. exd5 {[%clk 0:33:22]} Qc8 {[%clk 0:22:05]} 18. Rhf1 {[%clk
0:31:48]} c4 {[%clk 0:13:10]} 19. f5 {[%clk 0:28:34]} a5 {[%clk 0:12:57]} 20.
fxg6 {[%clk 0:27:19]} fxg6 {[%clk 0:13:23]} 21. Nf4 {[%clk 0:27:42]} Rxf4 {[%clk
0:13:50]} 22. Rxf4 {[%clk 0:27:22]} a4 {[%clk 0:13:34]} 23. Qxb4 {[%clk 0:25:27]}
axb3 {[%clk 0:12:20]} 24. cxb3 {[%clk 0:25:19]} cxb3 {[%clk 0:12:43]} 25. Qxb3
{[%clk 0:24:41]} e5 {[%clk 0:11:53]} 26. dxe5 {[%clk 0:20:40]} Bxe5 {[%clk
0:12:15]} 27. Rb4 {[%clk 0:20:37]} Ba6 {[%clk 0:11:47]} 28. Be4 {[%clk 0:15:11]}
Nf8 {[%clk 0:12:09]} 29. Qc2 {[%clk 0:14:49]} Qd8 {[%clk 0:11:22]} 30. Bxg6
{[%clk 0:11:35]} Qa5 {[%clk 0:11:48]} 31. Bd2 {[%clk 0:07:38]} Nxg6 {[%clk
0:12:03]} 32. Qxg6+ {[%clk 0:08:01]} Kh8 {[%clk 0:12:30]} 33. Qxh5+ {[%clk
0:05:15]} Kg8 {[%clk 0:12:56]} 34. Qg6+ {[%clk 0:05:37]} Kh8 {[%clk 0:13:23]} 35.
Qh6+ {[%clk 0:02:25]} Kg8 {[%clk 0:13:50]} 36. Qe6+ {[%clk 0:01:18]} Kh8 {[%clk
0:14:16]} 37. Qh6+ {[%clk 0:01:32]} Kg8 {[%clk 0:14:40]} 38. Qg6+ {[%clk
0:00:54]} Kh8 {[%clk 0:15:04]} 39. a4 {[%clk 0:00:35]} Qxd5 {[%clk 0:12:55]} 40.
Qh5+ {[%clk 0:30:53]} Kg8 {[%clk 0:43:21]} 41. Qg6+ {[%clk 0:23:01]} Kh8 {[%clk
0:43:43]} 42. Qh6+ {[%clk 0:22:58]} Kg8 {[%clk 0:44:10]} 43. Qg6+ {[%clk
0:23:28]} Kh8 {[%clk 0:44:36]} 1/2-1/2

[Event "Irena Warakomska Memorial A"]
[Site "Suwalki"]
[Date "2021.07.30"]
[Round "5"]
[White "Luberanski, Jakub"]
[Black "Sakalauskas, Vaidas"]
[Result "0-1"]
[Board "13"]
[WhiteElo "2274"]
[WhiteTitle "FM"]
[WhiteCountry "POL"]
[WhiteFideId "21830509"]
[WhiteEloChange "-8"]
[BlackElo "2330"]
[BlackTitle "IM"]
[BlackCountry "LTU"]
[BlackFideId "12800457"]
[BlackEloChange "8"]

1. e4 {[%clk 1:29:23]} e6 {[%clk 1:29:50]} 2. d4 {[%clk 1:29:49]} d5 {[%clk
1:29:45]} 3. Nc3 {[%clk 1:30:15]} dxe4 {[%clk 1:28:42]} 4. Nxe4 {[%clk 1:30:38]}
Nd7 {[%clk 1:29:01]} 5. Nf3 {[%clk 1:29:37]} Ngf6 {[%clk 1:28:44]} 6. Nxf6+
{[%clk 1:26:35]} Nxf6 {[%clk 1:28:24]} 7. Bd3 {[%clk 1:26:46]} c5 {[%clk
1:23:09]} 8. O-O {[%clk 1:25:54]} cxd4 {[%clk 1:20:22]} 9. Nxd4 {[%clk 1:25:08]}
Be7 {[%clk 1:18:41]} 10. c3 {[%clk 1:22:40]} O-O {[%clk 1:15:32]} 11. Qe2 {[%clk
1:18:37]} Qc7 {[%clk 1:10:33]} 12. Bg5 {[%clk 1:12:43]} Re8 {[%clk 0:53:01]} 13.
Rfe1 {[%clk 1:06:34]} Nd5 {[%clk 0:48:53]} 14. Qe4 {[%clk 0:51:35]} g6 {[%clk
0:47:14]} 15. Bxe7 {[%clk 0:50:31]} Qxe7 {[%clk 0:46:29]} 16. Rad1 {[%clk
0:47:14]} Nf6 {[%clk 0:42:35]} 17. Qh4 {[%clk 0:45:25]} Nd5 {[%clk 0:41:11]} 18.
Qxe7 {[%clk 0:43:12]} Rxe7 {[%clk 0:40:29]} 19. Be4 {[%clk 0:40:38]} Nf6 {[%clk
0:37:46]} 20. Nb5 {[%clk 0:27:16]} Bd7 {[%clk 0:31:54]} 21. Bxb7 {[%clk 0:24:51]}
Rb8 {[%clk 0:32:09]} 22. Nd6 {[%clk 0:25:17]} Ne8 {[%clk 0:32:10]} 23. Nxe8
{[%clk 0:22:50]} Bxe8 {[%clk 0:32:33]} 24. Bd5 {[%clk 0:22:40]} Rxb2 {[%clk
0:32:58]} 25. Bb3 {[%clk 0:23:07]} Kg7 {[%clk 0:30:39]} 26. Rd8 {[%clk 0:21:31]}
Bc6 {[%clk 0:29:34]} 27. Red1 {[%clk 0:18:33]} a5 {[%clk 0:25:13]} 28. Rc8 {[%clk
0:13:54]} Rd7 {[%clk 0:20:54]} 29. Rc1 {[%clk 0:13:19]} Bb7 {[%clk 0:18:15]} 30.
Rb8 {[%clk 0:12:57]} Bd5 {[%clk 0:15:36]} 31. h3 {[%clk 0:09:12]} Bxb3 {[%clk
0:15:41]} 32. axb3 {[%clk 0:09:19]} Rdd2 {[%clk 0:16:07]} 33. Rb5 {[%clk
0:06:18]} Rxf2 {[%clk 0:15:48]} 34. Rxa5 {[%clk 0:06:44]} Rxg2+ {[%clk 0:16:12]}
35. Kf1 {[%clk 0:07:09]} f5 {[%clk 0:07:57]} 36. c4 {[%clk 0:06:40]} f4 {[%clk
0:08:11]} 37. Rc3 {[%clk 0:06:10]} Rh2 {[%clk 0:05:52]} 38. Kg1 {[%clk 0:06:34]}
Rhd2 {[%clk 0:05:30]} 39. Ra1 {[%clk 0:06:59]} e5 {[%clk 0:05:26]} 40. c5 {[%clk
0:36:56]} e4 {[%clk 0:34:38]} 41. Rc4 {[%clk 0:31:59]} Rg2+ {[%clk 0:34:20]} 42.
Kf1 {[%clk 0:32:04]} Rh2 {[%clk 0:34:42]} 43. Kg1 {[%clk 0:32:27]} Rbg2+ {[%clk
0:35:01]} 44. Kf1 {[%clk 0:32:52]} f3 {[%clk 0:35:25]} 45. Ra7+ {[%clk 0:30:56]}
Kh6 {[%clk 0:35:35]} 0-1

[Event "Irena Warakomska Memorial A"]
[Site "Suwalki"]
[Date "2021.07.30"]
[Round "5"]
[White "Klimkowski, Jan"]
[Black "Budrewicz, Krzysztof"]
[Result "1-0"]
[Board "14"]
[WhiteElo "2322"]
[WhiteTitle "FM"]
[WhiteCountry "POL"]
[WhiteFideId "21856222"]
[WhiteEloChange "9"]
[BlackElo "2279"]
[BlackCountry "POL"]
[BlackFideId "1127950"]
[BlackEloChange "-9"]

1. e4 {[%clk 1:30:58]} c5 {[%clk 1:30:38]} 2. Nf3 {[%clk 1:31:21]} e6 {[%clk
1:30:52]} 3. d4 {[%clk 1:31:48]} cxd4 {[%clk 1:31:11]} 4. Nxd4 {[%clk 1:32:15]}
Nf6 {[%clk 1:31:14]} 5. Nc3 {[%clk 1:32:40]} Nc6 {[%clk 1:31:13]} 6. Nxc6 {[%clk
1:33:06]} bxc6 {[%clk 1:31:36]} 7. e5 {[%clk 1:33:34]} Nd5 {[%clk 1:31:38]} 8.
Ne4 {[%clk 1:34:00]} Bb7 {[%clk 1:31:43]} 9. Bd3 {[%clk 1:34:26]} c5 {[%clk
1:29:17]} 10. c4 {[%clk 1:32:46]} Nb4 {[%clk 1:28:32]} 11. O-O {[%clk 1:32:42]}
Qc7 {[%clk 1:16:10]} 12. Bf4 {[%clk 1:32:00]} a5 {[%clk 1:01:29]} 13. Re1 {[%clk
1:27:31]} f5 {[%clk 0:51:39]} 14. Nd6+ {[%clk 1:06:35]} Bxd6 {[%clk 0:51:37]} 15.
exd6 {[%clk 1:07:01]} Qc6 {[%clk 0:46:55]} 16. Bf1 {[%clk 1:07:21]} Qb6 {[%clk
0:39:45]} 17. Qh5+ {[%clk 0:52:31]} g6 {[%clk 0:32:55]} 18. Qh4 {[%clk 0:44:07]}
O-O {[%clk 0:31:00]} 19. Re3 {[%clk 0:37:27]} Rae8 {[%clk 0:30:37]} 20. Rh3
{[%clk 0:31:16]} Rf7 {[%clk 0:30:47]} 21. Be5 {[%clk 0:31:21]} Nc6 {[%clk
0:29:10]} 22. Bf6 {[%clk 0:27:30]} e5 {[%clk 0:26:37]} 23. Rb3 {[%clk 0:24:48]}
Qa7 {[%clk 0:26:17]} 24. Rg3 {[%clk 0:25:08]} Rxf6 {[%clk 0:22:01]} 25. Qxf6
{[%clk 0:25:35]} Re6 {[%clk 0:18:44]} 26. Qxf5 {[%clk 0:24:32]} Nd4 {[%clk
0:19:07]} 27. Qg5 {[%clk 0:23:04]} Qb6 {[%clk 0:19:33]} 28. h4 {[%clk 0:22:19]}
Kg7 {[%clk 0:18:15]} 29. Re1 {[%clk 0:18:52]} Qxd6 {[%clk 0:18:34]} 30. Qg4
{[%clk 0:17:57]} Rf6 {[%clk 0:15:25]} 31. h5 {[%clk 0:11:32]} Rf4 {[%clk
0:14:59]} 32. Qg5 {[%clk 0:11:53]} Rf5 {[%clk 0:13:42]} 33. Qh4 {[%clk 0:11:48]}
Rf4 {[%clk 0:10:34]} 34. Qg5 {[%clk 0:12:16]} Rf5 {[%clk 0:10:46]} 35. Qg4 {[%clk
0:11:11]} Rf4 {[%clk 0:10:30]} 36. Qh3 {[%clk 0:11:07]} Bc6 {[%clk 0:08:04]} 37.
hxg6 {[%clk 0:11:12]} hxg6 {[%clk 0:07:46]} 38. Rg4 {[%clk 0:10:36]} Nf5 {[%clk
0:04:23]} 39. Rxf4 {[%clk 0:10:27]} exf4 {[%clk 0:04:46]} 40. Bd3 {[%clk
0:37:24]} Bxg2 {[%clk 0:31:39]} 41. Kxg2 {[%clk 0:27:15]} f3+ {[%clk 0:29:48]}
42. Kxf3 {[%clk 0:27:09]} Qxd3+ {[%clk 0:30:12]} 43. Kg2 {[%clk 0:27:36]} Qd6
{[%clk 0:29:20]} 44. Qc3+ {[%clk 0:26:21]} Kh6 {[%clk 0:27:27]} 45. Qh8+ {[%clk
0:22:06]} Kg5 {[%clk 0:26:51]} 46. Qe5 {[%clk 0:22:28]} Qc6+ {[%clk 0:23:39]} 47.
f3 {[%clk 0:17:26]} d6 {[%clk 0:23:32]} 48. Qe4 {[%clk 0:17:32]} Qa4 {[%clk
0:22:39]} 49. Kh3 {[%clk 0:16:38]} Qd7 {[%clk 0:21:16]} 50. Qe8 {[%clk 0:14:54]}
Qg7 {[%clk 0:18:38]} 51. Rg1+ {[%clk 0:14:17]} Kh6 {[%clk 0:17:16]} 52. Rg2
{[%clk 0:08:09]} Kh7 {[%clk 0:17:08]} 53. Rh2 {[%clk 0:08:07]} Qh6+ {[%clk
0:12:19]} 54. Kg2 {[%clk 0:08:31]} Nh4+ {[%clk 0:12:43]} 55. Kf2 {[%clk 0:08:03]}
g5 {[%clk 0:09:52]} 56. Qf7+ {[%clk 0:08:09]} Kh8 {[%clk 0:09:45]} 57. Rh1 {[%clk
0:07:59]} 1-0